01222nam a2200301 u 450000100100000000500170001000800410002702000150006804000250008304100140010808200180012210000290014024501940016924600590036325000120042226000320043430000290046649000200049550000210051550400570053653400790059365000260067270000340069870000290073283000210076195201230078299900150090500000366920200929150526.0090713s1996 es a r 001 0 spa d a8474324254 aDO-SdBNPbspacBNPHU17aspahfren a150.195, 19961 aNasio, Juan David91124210aEnseñanza de 7 conceptos cruciales del psicoanalisis =Enseignement de 7 concepts crucioux de la psychanalyse /cJuan David Nasio ; traducción Graciela Klein ; ilustración Carlos Nine.1 aEnseignement de 7 concepts crucioux de la psychanalyse a4a. ed. aBalcelona :bGedisa,c1996. a238 p. :bil., ;c20 cm.1 aSerie freudiana aIncluye índice aIncluye notas bibliográficas al pie de las paginas pTítulo original.tEnseignement de 7 concepts crucioux de la psychanalyse 4aPsicoanálisis919581 aKlein, Gracielaetrad.9112431 aNine, Carloseil.911244 0aFreudiana911245 001054708MOaGRbGRcCTd2009-07-13iLF1l0o150.195, 1996 p3669-10r2020-06-25w2020-06-25y4ZPréstamo en sala c3492d3492